U mě pořád dobrý : o filmech a taky trochu o životě /

Uloženo v:
Hlavní autor: Hřebejk, Jan, 1967- (Autor)
Další autoři: Bednářová, Veronika, 1972- (Autor)
Médium: Kniha
Jazyk:Czech
Vydáno: V Praze : Vyšehrad, 2026
Vydání:Vydání první
Edice:Rozhovory (Vyšehrad)
Témata:
Celkem bylo vypůjčeno:0x
Tagy:
Žádné tagy
LEADER 02075nam a2200529 i 4500
001 106512
003 CZ PrNK
005 20260605075645.0
007 ta
008 260506s2026 xr ac e 000 1acze
015 |a cnb003756472 
020 |a 9788026734284  |q (vázáno) :  |c Kč 399,00 
040 |a BOA001  |b cze  |d OLA001  |d ABA001  |e rda 
072 7 |a 791  |x Film. Cirkus. Lidová zábava  |2 Konspekt  |9 3 
072 7 |a 929  |x Biografie  |2 Konspekt  |9 8 
080 |a 791.633-051  |2 MRF 
080 |a 791.2  |2 MRF 
080 |a 929  |2 MRF 
080 |a (437.3)  |2 MRF 
080 |a (047.53)  |2 MRF 
080 |a (0:82-94)  |2 MRF 
100 1 |a Hřebejk, Jan,  |d 1967-  |7 jn20000401150  |4 aut  |9 117436 
245 1 0 |a U mě pořád dobrý :  |b o filmech a taky trochu o životě /  |c Jan Hřebejk, Veronika Bednářová 
250 |a Vydání první 
264 1 |a V Praze :  |b Vyšehrad,  |c 2026 
300 |a 209 stran :  |b ilustrace, portréty ;  |c 21 cm 
336 |a text  |b txt  |2 rdacontent 
337 |a bez média  |b n  |2 rdamedia 
338 |a svazek  |b nc  |2 rdacarrier 
490 1 |a Rozhovory 
600 1 7 |a Hřebejk, Jan,  |d 1967-  |7 jn20000401150  |2 czenas  |9 117436 
648 7 |a 20.-21. století  |7 ch462155  |2 czenas  |9 53009 
650 0 7 |a filmoví režiséři  |7 ph120210  |y 20.-21. století  |z Česko  |2 czenas 
650 0 7 |a filmy  |7 ph120215  |y 20.-21. století  |z Česko  |2 czenas 
650 0 9 |a film directors  |y 20th-21st centuries  |z Czechia  |2 eczenas 
650 0 9 |a films  |y 20th-21st centuries  |z Czechia  |2 eczenas 
655 7 |a rozhovory  |7 fd133303  |2 czenas  |9 2157 
655 7 |a autobiografické vzpomínky  |7 fd131854  |2 czenas  |9 53458 
655 9 |a interviews  |2 eczenas 
655 9 |a autobiographical reminiscences  |2 eczenas 
700 1 |a Bednářová, Veronika,  |d 1972-  |7 js20051114024  |4 aut  |9 112825 
710 2 |a Vyšehrad (nakladatelství)  |7 xx0021430  |4 pbl  |9 117167 
830 0 |a Rozhovory (Vyšehrad) 
910 |a UOG502 
942 |2 ddc  |c KN 
999 |d 106512 
993 |0 0  |1 421180107232  |2 ddc  |4 0  |6 929_000000000000000  |7 0  |9 99956  |b 0  |c 107232  |d 2026-06-05  |e 0  |f DOSP  |g 929  |h 399.00  |i Koupě  |l DOSP  |r 2026-06-05  |t 5  |w 2026-06-05  |y KN  |z NAUCNA  |n